000 00457nab a2200145Ia 4500
003 ES-SlBCS
005 20210601125224.0
008 140529s1969 xxu||||| |||| 00| 0 eng d
041 _aeng
100 1 _aJohnson, A. H.
_9155569
245 0 0 _aWhitehead as Teacher and Philosopher
_c A. H. Johnson
600 1 4 _aWhitehead-Profesor-Filósofo
_9155570
773 0 _tPhilosophy and Phenomenological Research
_gvol. 29, 1969, págs. 351-376
_wRev1411
942 _cAR
999 _c526756
_d526756